Les Indes et l'Europe / (Record no. 3679)

MARC details
000 -LEADER
fixed length control field 00586nam a22001937a 4500
001 - CONTROL NUMBER
control field 3679
003 - CONTROL NUMBER IDENTIFIER
control field FISKH
005 - DATE AND TIME OF LATEST TRANSACTION
control field 20240409102954.0
008 - FIXED-LENGTH DATA ELEMENTS--GENERAL INFORMATION
fixed length control field 240409b cb ||||| |||| 00| 0 fre d
040 ## - CATALOGING SOURCE
Original cataloging agency FISKH
Language of cataloging eng
Transcribing agency FISKH
Modifying agency FISKH
050 ## - LIBRARY OF CONGRESS CALL NUMBER
Classification number DS341.E85
082 ## - DEWEY DECIMAL CLASSIFICATION NUMBER
Classification number 303.482405400903
100 ## - MAIN ENTRY--PERSONAL NAME
Personal name Margolin, Jean-Louis
245 ## - TITLE STATEMENT
Title Les Indes et l'Europe /
Remainder of title histoires connectées, XVe-XXIe siècles
260 ## - PUBLICATION, DISTRIBUTION, ETC.
Place of publication, distribution, etc. Paris
Name of publisher, distributor, etc. Gallimard,
Date of publication, distribution, etc. 2015
300 ## - PHYSICAL DESCRIPTION
Extent 962 pages :
Dimensions 18 cm
520 ## - SUMMARY, ETC.
Summary, etc. This is a history of European and south east Asian interactions and influence.
942 ## - ADDED ENTRY ELEMENTS (KOHA)
Source of classification or shelving scheme Library of Congress Classification
Koha item type Books
Suppress in OPAC No
Holdings
Withdrawn status Lost status Source of classification or shelving scheme Damaged status Not for loan Collection Home library Current library Shelving location Date acquired Total Checkouts Full call number Barcode Date last seen Price effective from Koha item type
    Dewey Decimal Classification     Non-Fiction Footprints International School Library Network Toul Kork Campus Footprints International School Library Network Toul Kork Campus TK Floor 4 Rear Hallway Shelf 1 (Adult/Secondary Foriegn Language/Khmer) 04/09/2024   MAR 303.48240540090 DS341.E85 2024-0480 04/09/2024 04/09/2024 Books